| 000 | 01496nam0a22003131 4500 | ||
|---|---|---|---|
| 001 | rc\3598856 | ||
| 005 | 20130115142850.9 | ||
| 035 | _a(NLR Aleph) 007679630 | ||
| 090 |
_a6523799 _c6523799 |
||
| 100 | _a20130115d1969 |||y0rusy50 ca | ||
| 101 | 0 | _arus | |
| 102 | _aRU | ||
| 105 | _aa z ||||| | ||
| 200 | 1 |
_aПрофессиональная ориентация в сельской школе _fПод ред. К.А. Ивановича и А.Е. Старовского _gНауч.-исслед. ин-т производ. обучения АПН СССР |
|
| 210 |
_aМосква _cБ. и. _d1969 |
||
| 215 |
_a75 с. _cил. _d22 |
||
| 300 | _aНа обороте тит. л. авт.: действ. чл. Акад. пед. наук СССР К.А. Иванович, канд. пед. наук Л.Н. Дроздов, канд. техн. наук В.А. Чичков и др. | ||
| 320 | _aБиблиогр. в конце текста (11 назв.) | ||
| 606 |
_aПрофессиональная ориентация в сельской школе _2psbo |
||
| 701 | 1 |
_aДроздов _bЛ. И. |
|
| 701 | 1 |
_aЧичков _bВ. А. |
|
| 701 | 1 |
_aИванович _bК. А. _gКорнелий Агафонович _4340 |
|
| 702 | 1 |
_aСтавровский _bА. Е. _4340 |
|
| 712 | 0 | 2 |
_aИнститут произв. обучения _cМосква _3RU\NLR\AUTH\8810014708 |
| 801 | 0 |
_aRU _bNLR _gpsbo |
|
| 801 | 1 |
_aRU _bELAR _2rusmarc |
|
| 852 |
_aNLR _j69-6/12057 |
||
| 942 | _cBOOK | ||
| 980 | _aNB | ||